000 00972nam a2200205 a 4500
008 120416s1986 ||||||||||||||||| || u
020 _a0582301319
050 _aHD 111 Mat
100 _aMather, Alexander Smith
245 1 0 _aLand use
260 _aHarlow
_bLongman Scientific & Technical Wiley
_c1986
300 _a[x], 286p. : ill
350 _a0.00
500 _aDistributor from label on p. 4 of cover. -Includes index. -Bibliography: p. 245-280.
650 _aLAND
650 _aLAND USE
995 _aMAIN LIBRARY OPEN ACCESS
_D0.00
_e727072
_FCBU-MAIN LIBRARY (Kitwe)
_H3
_I17.99
_jHD 111 Mat
_M2
_UAVAILABLE
_y018559
_ZMain Library Open Access Collection
995 _aBINDERY (DAMAGED)
_D0.00
_e709668
_FCBU-MAIN LIBRARY (Kitwe)
_H2
_I17.99
_jHD 111 Mat
_M1
_UDAMAGED
_y004724
_ZMain Library Open Access Collection
995 _aMAIN LIBRARY OPEN ACCESS
_D0.00
_e727071
_FCBU-MAIN LIBRARY (Kitwe)
_H1
_I17.99
_jHD 111 Mat
_M3
_UAVAILABLE
_y018561
_ZMain Library Open Access Collection
999 _c80596
_d80596